Macroeconomics. (Record no. 1747)

MARC details
000 -LEADER
fixed length control field 00724pam a2200205 a 4500
020 ## - INTERNATIONAL STANDARD BOOK NUMBER
ISBN 0070179859 (alk. paper)
022 ## - INTERNATIONAL STANDARD SERIAL NUMBER
ISSN 9780070179851
050 00 - CALL NUMBER
Classification number HB172.5
Item number .D67
100 1# - AUTHOR
Personal name Dornbusch, Rudiger.
245 10 - TITLE
Title Macroeconomics.
250 ## - EDITION
Edition statement 7th ed. /
260 ## - PUBLICATION INFORMATION
Place of publication Boston :
Name of publisher McGraw-Hill/Irwin,
Year of publication c1998.
300 ## - DESCRIPTION
Number of Pages xix, 550 p. :
Other physical details col. ill. ;
Dimensions 25 cm.
500 ## - NOTES
General note Includes Index.
505 ## - FORMATTED CONTENTS NOTE
Table of Content Introduction and national income accounting; growth, aggregate supply and demand and the new macroeconomics; first models; behavioural foundations; inflation, budget deficits and international adjustments.
650 #0 - SUBJECTS
Topical Term Macroeconomics.
700 1# - OTHER AUTHORS
Personal name Fischer, Stanley.
700 1# - OTHER AUTHORS
Personal name Startz, Richard,
942 ## - ADDED ENTRY ELEMENTS (KOHA)
Koha item type Books
Holdings
Withdrawn status Lost status Collection code Home library Current library Shelving location Date acquired Full call number Accession Number Copy number Koha item type
    Reference Methodist University Library Main Methodist University Library Main General Stacks   HB172.5 .D67 11331 1 Books
Copyright © 2026  MUG Library